000 00753nam2a22002051 4500
001 RU\NLR\A1SV\107894
005 20251203152403.2
035 _a(NLR Aleph) 009789247
090 _a13486699
_c13486699
100 _a20101012d1923 u y0rusy50 ca
101 0 _arus
200 0 _a№ 6
_e5 июля 1923 г.
215 _a197-232 с.
461 1 _1001RU\NLR\A1SV\107888
_12000#$aБюллетень$fВЦИК X Созыва. 2 сессия$v№ 6
_910129455
_aРСФСР (10). Центральный исполнительный комитет (2)
_cМ.
_d1923
_fII сессия ВЦИК X созыва
_nВЦИК
_tБюллетень
_v№ 6
801 0 _aRU
_bNLR
_c20101012
852 _aNLR
_j21/641-6
942 _cBOOK
980 _aA1SV
980 _aNB